000 01612namaa22003371i 4500
005 20260302102053.0
008 260208s1995 ua a|||frm||| 000 0 eng d
040 _aEG-GICUC
_beng
_cEG-GICUC
_dEG-GICUC
_erda
041 0 _aeng
_beng
_bara
049 _aDeposit
097 _aPh.D
099 _aCai01.07.16.Ph.D.1995.Th.E
100 0 _aTharwat Abd El-Samie Ibrahim El-Nesiry,
_epreparation.
245 1 0 _aEffect of some environmental parameters on the physiological behaviour of sesame plant in africa /
_cBy Tharwat Abd El-Samie Ibrahim El-Nesiry ; Supervised Prof. Dr. Moustafa Imam Mahmoud, Prof. Dr. Mamdouh Hassib Abbas, Prof. Dr. Yehya Hassan El-Shafey, Dr. Fswziya Ibrahim Moursi.
246 1 5 _aأثر بعض المكونات البيئية علي سلوك الفسيولوجي لنبات السمسم في افريقيا
264 0 _c1995.
300 _a122 Leaves
_billustrations
_c30 cm. +
336 _2rda content
_atext
337 _2rdamedia
_aUnmediated
338 _2rdacarrier
_avolume
502 _aThesis (Ph.D)-Cairo University, 1995.
504 _aBibliography: pages 112-122
653 0 _asesame plant in africa
700 0 _aMoustafa Imam Mahmoud
_ethesis advisor.
700 0 _aMamdouh Hassib Abbas
_ethesis advisor.
700 0 _aYehya Hassan El-Shafey
_ethesis advisor.
700 0 _aFswziya Ibrahim Moursi
_ethesis advisor.
900 _DDepartment of Plant Resources
_FFaculty of Agriculture
_UCairo University
_b1995
_cMoustafa Imam Mahmoud
_cMamdouh Hassib Abbas
_cYehya Hassan El-Shafey
_cFswziya Ibrahim Moursi
905 _aNehad
_eNourhan
942 _2ddc
_cTH
_e21
_n0
999 _c178255